Súčasné tendencie vo vývoji ekonomiky USA Príloha Hospodárskych novín

Vývojové tendencie ekonomiky USA. Predpovede hospodárskeho vývoja na r. 1996. Medzinárodné ekonomické ukazovatele: ceny, konkurenčnosť, výroba a zamestnanosť.

Enregistré dans:
Détails bibliographiques
Format: Chapitre de livre
Langue:slovaque
Sujets:
Tags: Ajouter un tag
Pas de tags, Soyez le premier à ajouter un tag!

MARC

LEADER 00000naa a2200000 4500
001 r022606
005 20230801104437.9
041 0 |a slo 
044 |a SK 
245 1 0 |a Súčasné tendencie vo vývoji ekonomiky USA  |b Príloha Hospodárskych novín 
520 |a Vývojové tendencie ekonomiky USA. Predpovede hospodárskeho vývoja na r. 1996. Medzinárodné ekonomické ukazovatele: ceny, konkurenčnosť, výroba a zamestnanosť. 
610 2 0 |a USA 
610 2 0 |a Japonsko 
610 2 0 |a Nemecko 
610 2 0 |a Francúzsko 
610 2 0 |a Taliansko 
610 2 0 |a Veľká Británia 
610 2 0 |a 1985-1996 
610 2 0 |a rast hospodársky 
610 2 0 |a situácia hospodárska 
610 2 0 |a ukazovatele ekonomické 
610 2 0 |a prognózy hospodárske 
610 2 0 |a ceny 
610 2 0 |a konkurencieschopnosť 
610 2 0 |a výroba 
610 2 0 |a zamestnanosť